<The> rise of the creative class

Gespeichert in:
Bibliographische Detailangaben
1. Verfasser: Florida, Richard
Format: Buch
Sprache:Englisch
Veröffentlicht: New York Basic Books 2014
Ausgabe:revisited
Schlagworte:
Tags: Tag hinzufügen
Keine Tags, Fügen Sie das erste Tag hinzu!

MARC

LEADER 00000nam a2200000 4500
001 0197949
005 20240306140428.5
020 |a 978-0-465-04248-7 
041 0 |a eng 
044 |a US 
245 1 0 |a <The> rise of the creative class  |c Richard Florida 
250 |a revisited 
264 1 |a New York  |b Basic Books  |c 2014 
300 |a 483 s. 
610 2 0 |a spoločnosť 
610 2 0 |a civilizácia 
610 2 0 |a vývoj spoločenský 
610 2 0 |a triedy spoločenské 
610 2 0 |a kreativita 
610 2 0 |a štýl životný 
610 2 0 |a štýl pracovný 
610 2 0 |a technológie nové 
610 2 0 |a mestá 
610 2 0 |a multikulturalizmus 
610 2 0 |a zvyklosti obchodné 
610 2 0 |a rozmanitosť kultúrna 
100 1 |a Florida, Richard